000 01030nmm a2200313 a 4500
001 ocm000703682
003 TR-IsHL
005 20201028141014.0
008 131219s1992 tu eng
007 cr cn
035 _a703682
_b(N$T)
050 0 4 _aHC491
_b.O98 1992
090 0 4 _aHC491
_b.O98 1992
245 1 0 _aOutstanding exporters 1991
_h[electronic resource]
260 _aİstanbul :
_bİstanbul Ticaret Odası,
_c1992
300 _a188 p.
650 4 _aEkonomi ve Finans
650 4 _aEconomics and Finance
650 0 _aTürkiye
_x Ekonomi politikası
650 0 _aTurkey
_x Economic policy
650 0 _aTürkiye
_x Ekonomik koşullar
650 0 _aTurkey
_x Economic conditions
650 0 _aEkonomi
_x Türkiye
650 0 _aEconomics
_x Turkey
650 0 _aİhracatçılar
_x Türkiye
650 0 _aExporters
_x Turkey
650 7 _aBUSINESS & ECONOMICS / Economic Conditions
_2bisacsh
856 4 0 _uhttp://search.ebscohost.com/login.aspx?direct=true&scope=site&db=e011xww&AN=703682
999 _c7586
_d7586